Paroles: Brisé - Maitre Gims - Statistiques

Statistiques générales
  • Ce quiz a été pris 492 fois
  • Le résultat moyen est 210 sur 270
Statistiques - réponses
% Correct
je
93%
Je
93%
ma
92%
j'ai
90%
J'ai
90%
le
90%
de
89%
ce
88%
la
88%
La
88%
te
88%
Te
88%
tu
88%
Tu
88%
87%
du
87%
et
87%
Et
87%
un
87%
Des
86%
des
86%
Encore
86%
encore
86%
une
86%
fois
85%
que
85%
dans
84%
par
84%
sur
84%
Au
83%
coeur
83%
croire
83%
noir
83%
as
82%
J'essaie
82%
t'en
82%
disparaître
81%
d'y
81%
face
81%
fait
81%
hais
81%
t'aime
81%
voile
81%
cerveau
80%
confiance
80%
J'me
80%
m'as
79%
quand
79%
sourire
79%
tout
79%
coin
78%
dit
78%
facilement
78%
les
78%
lèvres
78%
mes
78%
moi
78%
moi ?
78%
Parce
78%
pas
78%
poignardé
78%
toi
78%
Aveugle
77%
dire
77%
donné
77%
l'ai
77%
mens
77%
sûrement
77%
voir
77%
pouvoir
76%
sortir
76%
autant
75%
épaules
75%
ne
75%
Ne
75%
Pour
75%
mot
74%
Parce que
74%
suit
74%
sans
73%
Tes
73%
t'imaginais
73%
C'est
72%
tort
72%
larmes
71%
coulent
70%
contre
69%
difficile
69%
plus
69%
gens
68%
était
64%
monte
64%
vie
64%
familial
60%
cocon
59%
flammes
59%
autre
58%
pu
58%
chez
57%
T'as
57%
est
56%
compris
54%
faire
53%
tant
53%
souviens-tu
52%
d'être
51%
Rendez-vous
51%
vérité
49%
d'mal
48%
T'avais
48%
vais
48%
comment
47%
diable
47%
entrée
47%
éteindre
47%
monde
47%
déshabille
46%
devoir
45%
stupide ?
45%
habile ?
43%
Vois-tu
42%
d'me
35%
l'droit
34%
Aucun quiz correspondant
Distribution des résultats
% des personnes avec chaque résultat
Percentile par nombre de réponses
Votre historique - résultats
Vous n’avez pas pris ce quiz